000 00474nam a2200193Ia 4500
003 OSt
005 20220926041111.0
006 a|||||r|||| 00| 0
007 ta
008 220923b |||||||| |||| 00| 0 eng d
037 _cGeneral Book
040 _aRTL
_cRTL
_beng
041 _2eng
_aeng
082 _aB12, K6
100 _aNarayan Shanti
_9154049
245 0 _aNumber systems
942 _hB12, K6
_cGB
_2CC
999 _c666383
_d666383